| 000 | 01277nam a2200361 i 4500 | ||
|---|---|---|---|
| 001 | 31409 | ||
| 003 | KOSZ 005 | ||
| 005 | 20201214102304.0 | ||
| 008 | 980702s1996 pl a f f |001 0 pol | ||
| 015 | _aPB 1996/16047 | ||
| 020 | _a8390263645 | ||
| 040 |
_aWA N _cWA N _dKOSZ 005/HR |
||
| 041 | 1 |
_apol _hger |
|
| 046 | _k1992 | ||
| 080 | _a573.6 | ||
| 080 | _a628.35 | ||
| 080 | _a(075.8) | ||
| 100 | 1 |
_aHartmann, Ludwig _d(1929- ) _eAutor |
|
| 245 | 1 | 0 |
_aBiologiczne oczyszczanie ścieków / _cLudwig Hartmann ; z niem. tł. Jan Tabernacki, Agnieszka Tabernacka. |
| 246 | 1 |
_iTyt. oryg.: _aBiologische Abwasserreinigung, _f1992. |
|
| 260 |
_aWarszawa : _b"Instalator Polski", _ccop. 1996. |
||
| 300 |
_a271, [1] s. : _brys., wykr. ; _c24 cm. |
||
| 504 | _aBibliogr. s. 265-268. - Indeks. | ||
| 650 | 4 | _aBiologiczna oczyszczalnia ścieków | |
| 655 | 4 | _aPodręczniki akademickie | |
| 658 | _aInżynieria i technika | ||
| 658 | _aOchrona środowiska | ||
| 700 | 1 |
_aTabernacki, Jan _eTłumaczenie |
|
| 700 | 1 |
_aTabernacka, Agnieszka _eTłumaczenie |
|
| 710 | 2 |
_aInstalator Polski _4pbl. |
|
| 856 |
_uhttp://koha.tu.koszalin.pl/cgi-bin/koha/opac-detail.pl?biblionumber=31409 _yKatalog online BPK |
||
| 942 |
_2UKD _cKS |
||
| 999 |
_c31409 _d31409 |
||